000 00544nam a22001937a 4500
003 OSt
005 20180116183031.0
008 151221b xxu||||| |||| 00| 0 eng d
022 _204-2320-2002-1
024 _204-2320-2002-1
040 _cLahore LUMS
082 _a 174.4 LUM 2002
100 _aKhan W M
245 _aFASHIONS AND FADS: A TRAGIC IRONY
_cKhan W M
260 _aLahore LUMS
_bLahore University of Management Sciences
_c2002
300 _a13 p.
_bPapers
440 _aFASHIONS AND FADS: A TRAGIC IRONY
942 _2ddc
_cCS
999 _c351021
_d351021